| 000 | 00424pab a2200169 454500 | ||
|---|---|---|---|
| 008 | 180718b1983 xxu||||| |||| 00| 0 eng d | ||
| 100 | _aJohar, R.S. | ||
| 245 | _aInvestment behaiour in the Indian corporate sector | ||
| 260 | _c1983 | ||
| 300 | _a191-203 | ||
| 362 | _aOct. | ||
| 650 | _aInvestments - India | ||
| 700 | _aHarpal Singh | ||
| 700 | _aP. Kumar | ||
| 773 | _aIndian Journal of Economics | ||
| 909 | _a11343 | ||
| 999 |
_c11343 _d11343 |
||